|
|
|
|
| LEADER |
02491nam a2200637 a 4500 |
| 001 |
nkc20081796567 |
| 003 |
CZ PrNK |
| 005 |
20080529103735.0 |
| 007 |
ta |
| 008 |
080314s2008 xr a e p 000 0 cze |
| 015 |
|
|
|a cnb001796567
|
| 020 |
|
|
|a 978-80-7318-675-3
|q (brož.)
|
| 035 |
|
|
|a (OCoLC)228782656
|
| 040 |
|
|
|a ABA001
|b cze
|d OLA001
|
| 072 |
|
7 |
|a 66
|x Chemický průmysl. Chemická technologie
|2 Konspekt
|9 19
|
| 072 |
|
7 |
|a 37.016
|x Učební osnovy. Vyučovací předměty. Učebnice
|2 Konspekt
|9 22
|
| 080 |
|
|
|a 66
|2 MRF
|
| 080 |
|
|
|a 620.2-036.7
|2 MRF
|
| 080 |
|
|
|a 678.7/.8
|2 MRF
|
| 080 |
|
|
|a 54-126
|2 MRF
|
| 080 |
|
|
|a 577.1
|2 MRF
|
| 080 |
|
|
|a 547.9
|2 MRF
|
| 080 |
|
|
|a 543
|2 MRF
|
| 080 |
|
|
|a (075.8)
|2 MRF
|
| 080 |
|
|
|a (076.5)
|2 MRF
|
| 100 |
1 |
|
|a Mokrejš, Pavel,
|d 1974-
|7 jx20080326015
|4 aut
|
| 245 |
1 |
0 |
|a Návody k laboratorním cvičením z předmětu Aplikace přírodních polymerů /
|c Pavel Mokrejš
|
| 246 |
3 |
|
|a Aplikace přírodních polymerů - návody k laboratorním cvičením
|
| 250 |
|
|
|a Vyd. 1.
|
| 260 |
|
|
|a Zlín :
|b Univerzita Tomáše Bati ve Zlíně,
|c 2008
|
| 300 |
|
|
|a 68 s. :
|b il. ;
|c 30 cm
|
| 500 |
|
|
|a Nad názvem: Univerzita Tomáše Bati ve Zlíně, Fakulta technologická
|
| 500 |
|
|
|a 30 výt.
|
| 504 |
|
|
|a Obsahuje bibliografii
|
| 521 |
8 |
|
|a Určeno zejména pro posluchače Univerzity Tomáše Bati ve Zlíně, Fakulty technologické
|
| 650 |
0 |
7 |
|a chemická technologie
|7 ph114233
|2 czenas
|
| 650 |
0 |
7 |
|a polymerní materiály
|7 ph330252
|2 czenas
|
| 650 |
0 |
7 |
|a polymery
|7 ph124310
|2 czenas
|
| 650 |
0 |
7 |
|a přírodní látky
|7 ph115997
|2 czenas
|
| 650 |
0 |
7 |
|a chemická analýza
|7 ph114232
|2 czenas
|
| 650 |
0 |
9 |
|a chemical technology
|2 eczenas
|
| 650 |
0 |
9 |
|a polymer materials
|2 eczenas
|
| 650 |
0 |
9 |
|a polymers
|2 eczenas
|
| 650 |
0 |
9 |
|a natural products
|2 eczenas
|
| 650 |
0 |
9 |
|a chemical analysis
|2 eczenas
|
| 655 |
|
7 |
|a učebnice vysokých škol
|7 fd133772
|2 czenas
|
| 655 |
|
7 |
|a laboratorní cvičení
|7 fd163936
|2 czenas
|
| 655 |
|
9 |
|a textbooks (higher)
|2 eczenas
|
| 655 |
|
9 |
|a laboratory manuals
|2 eczenas
|
| 710 |
2 |
|
|a Univerzita Tomáše Bati ve Zlíně.
|b Technologická fakulta
|7 kn20010709223
|
| 856 |
4 |
1 |
|u http://www.digitalniknihovna.cz/mzk/uuid/uuid:242b4c60-167a-11ea-af21-005056827e52
|y Digitalizovaný dokument
|x NDK
|
| 910 |
2 |
|
|a BOA001
|b 3-1199.700
|
| 990 |
|
|
|a BK
|
| 995 |
|
|
|a 01
|
| 991 |
|
|
|b 200804
|c NOV
|
| 996 |
6 |
|
|b 2610338304
|c 3-1199.700
|l MZK
|r Sklad / do 1 hodiny
|n 3
|p p.v.
|w 000889724
|u 000010
|a 1
|e BOA001
|j MZK50
|s P
|